| 000 | 00525nam a2200181Ia 4500 | ||
|---|---|---|---|
| 999 |
_c11094 _d11094 |
||
| 003 | OSt | ||
| 005 | 20191212161513.0 | ||
| 008 | 190216s9999||||xx |||||||||||||| ||und|| | ||
| 020 | _a9780070589384 | ||
| 040 | _coclc | ||
| 082 |
_a338.501 _bSAL/S |
||
| 100 |
_aSalvatore, Dominick _9459 |
||
| 245 | 0 |
_aMicroeconomic Theory / _cDominick Salvatore |
|
| 260 |
_bTata Mcgrawhill Publishers, _c2004. _aDelhi: |
||
| 300 | _a364p | ||
| 650 | _aEconomics | ||
| 942 |
_cBK _2ddc _h338.501 _iSAL/S _k338.501 _mSAL/S |
||